[Event "AUTO-OPEN-1311"]
[Site "http://www.queenalice.com/game.php?id=481428"]
[Date "2008.10.23"]
[Round "1"]
[White "Champignac"]
[Black "JASC"]
[Result "1-0"]
[WhiteElo "1792"]
[BlackElo "1467"]

1. c4 g6 2. Nc3 Bg7 3. g3 Nf6 4. Bg2 O-O 5. e4 d6 6. d4 e5 7. d5 c6 8. Nf3 cxd5
9. cxd5 Qa5 10. O-O Nbd7 11. Bd2 Qb4 12. a4 Nxe4 13. Nxe4 Qxe4 14. Bc3 Nf6 15.
Nd4 Qg4 16. Nb5 Rd8 17. Qd2 Ne8 18. f3 Qd7 19. f4 a6 20. Na3 b6 21. Nc4 Qb7 22.
fxe5 Bf5 23. e6 f6 24. Rfe1 Rac8 25. Ne3 Bh6 26. Qf2 Bxe3 27. Qxe3 Kg7 28. Bd4
Rc2 29. Re2 Rdc8 30. Bc3 Nc7 31. Rxc2 Bxc2 32. Qd4 Rf8 33. e7 Rf7 34. Re1 Ne8
35. Qe3 Bxa4 36. Bd2 Nc7 37. Qh6+ Kg8 38. e8=Q+ Nxe8 39. Re6 Bd7 40. Re1 Nc7 41.
Qf4 Ne8 42. Qd4 Ng7 43. Bb4 Nf5 44. Qf4 1-0

[Event "AUTO-OPEN-1312"]
[Site "http://www.queenalice.com/game.php?id=481970"]
[Date "2008.10.23"]
[Round "1"]
[White "punk"]
[Black "JASC"]
[Result "1-0"]
[WhiteElo "1980"]
[BlackElo "1560"]

1. d4 g6 2. c4 Bg7 3. Nf3 Nf6 4. Nc3 O-O 5. Qc2 d6 6. h3 c6 7. e4 Nbd7 8. Bd3
Re8 9. e5 dxe5 10. dxe5 Nc5 11. O-O Qxd3 12. Qxd3 Nxd3 13. exf6 Bxf6 14. Ne4 Bg7
15. Rb1 Bf5 16. Ng3 Be6 17. b3 a5 18. Be3 b5 19. cxb5 cxb5 20. Rfd1 Red8 21. Ng5
Bf5 22. Nxf5 gxf5 23. Kf1 Bh6 24. Ne6 Bxe3 25. Nxd8 Nxf2 26. Rd7 1-0

[Event "AUTO-OPEN-1312"]
[Site "http://www.queenalice.com/game.php?id=481971"]
[Date "2008.10.23"]
[Round "1"]
[White "JASC"]
[Black "punk"]
[Result "0-1"]
[WhiteElo "1588"]
[BlackElo "1934"]

1. d4 d5 2. Nf3 Nf6 3. e3 g6 4. Bd3 Bg7 5. O-O O-O 6. Nbd2 Nbd7 7. b3 c5 8. Bb2
b6 9. Ne5 Nxe5 10. dxe5 Nd7 11. f4 e6 12. Rf3 Bb7 13. Rh3 Re8 14. e4 dxe4 15.
Bxe4 Qc7 16. Qg4 Rad8 17. Bxb7 Qxb7 18. Qh4 Nf8 19. Nf3 Rd5 20. Ng5 h6 21. c4
Rd2 0-1

[Event "AUTO-OPEN-1312"]
[Site "http://www.queenalice.com/game.php?id=481988"]
[Date "2008.10.23"]
[Round "1"]
[White "jolomol"]
[Black "JASC"]
[Result "1-0"]
[WhiteElo "2005"]
[BlackElo "1560"]

1. e4 g6 2. d4 Bg7 3. Nc3 d6 4. Nf3 Nf6 5. Bc4 O-O 6. Bg5 Nbd7 7. Qd2 Re8 8.
O-O-O c6 9. h4 b5 10. Bd3 a5 11. h5 Nxh5 12. Rxh5 gxh5 13. Rh1 f6 14. Bh6 Bxh6
15. Qxh6 e5 16. Rxh5 Qe7 17. Nh4 Nf8 18. Nf5 Bxf5 19. Rxf5 Nd7 20. Bxb5 cxb5 21.
Nd5 Qg7 22. Nxf6+ Nxf6 23. Rg5 1-0

[Event "AUTO-OPEN-1312"]
[Site "http://www.queenalice.com/game.php?id=481989"]
[Date "2008.10.23"]
[Round "1"]
[White "JASC"]
[Black "jolomol"]
[Result "0-1"]
[WhiteElo "1560"]
[BlackElo "2003"]

1. d4 Nf6 2. Nf3 g6 3. e3 Bg7 4. Bd3 d5 5. O-O O-O 6. Nbd2 b6 7. b3 Bb7 8. Ba3
Na6 9. Ne5 Nd7 10. f4 c5 11. c3 Nxe5 12. fxe5 e6 13. Rf3 Rc8 14. Rh3 Re8 15. Qg4
f6 16. Bxg6 hxg6 17. Qxg6 Qe7 18. Qh7+ Kf8 19. Rf1 f5 20. Rf4 Qf7 21. Nf3 Qg8
22. Qg6 Bh8 23. Qh6+ Bg7 0-1

[Event "AUTO-OPEN-1314"]
[Site "http://www.queenalice.com/game.php?id=482881"]
[Date "2008.10.25"]
[Round "1"]
[White "lifelessons"]
[Black "JASC"]
[Result "1-0"]
[WhiteElo "1734"]
[BlackElo "1581"]

1. Nf3 g6 2. g3 Nf6 3. Bg2 Bg7 4. O-O O-O 5. b3 d5 6. Bb2 Bf5 7. d3 c5 8. Nbd2
Nbd7 9. Re1 Re8 10. Nh4 Bg4 11. Nhf3 e5 12. h3 Bxf3 13. exf3 d4 14. Ne4 b6 15.
Qd2 Nxe4 16. Rxe4 Nf6 17. Re2 h5 18. f4 Nd5 19. fxe5 Rxe5 20. Rae1 Rxe2 21. Qxe2
Rb8 22. a3 Rb7 23. Qe8+ Qxe8 24. Rxe8+ 1-0

[Event "AUTO-OPEN-1314"]
[Site "http://www.queenalice.com/game.php?id=482882"]
[Date "2008.10.25"]
[Round "1"]
[White "JASC"]
[Black "lifelessons"]
[Result "0-1"]
[WhiteElo "1450"]
[BlackElo "1733"]

1. d4 d5 2. Nf3 Bg4 3. Nbd2 Nc6 4. c4 e6 5. a3 Nf6 6. Qb3 Rb8 7. e3 Be7 8. Bd3
O-O 9. O-O Bxf3 10. Nxf3 Na5 11. Qa4 Nc6 12. Ne5 Nxe5 13. dxe5 Nd7 14. f4 dxc4
15. Qxc4 a6 16. Qe4 g6 17. Rf3 Nc5 0-1

[Event "AUTO-OPEN-1314"]
[Site "http://www.queenalice.com/game.php?id=482903"]
[Date "2008.10.25"]
[Round "1"]
[White "JASC"]
[Black "Linea"]
[Result "0-1"]
[WhiteElo "1488"]
[BlackElo "1684"]

1. d4 d5 2. Nf3 Nf6 3. e3 Bf5 4. Bd3 Bxd3 5. Qxd3 c6 6. O-O g6 7. b3 Bg7 8. Nbd2
O-O 9. Ba3 Re8 10. c4 Na6 11. Ne5 Nd7 12. f4 f6 13. Nxd7 Qxd7 14. Rf3 f5 15. Rh3
e6 16. Nf3 Qc7 17. Ne5 Qa5 18. Bb2 Rac8 19. c5 b6 20. Bc3 Qb5 21. Qxb5 cxb5 22.
b4 bxc5 23. bxc5 Nb8 24. Rf1 Nc6 0-1

[Event "AUTO-OPEN-1314"]
[Site "http://www.queenalice.com/game.php?id=482904"]
[Date "2008.10.25"]
[Round "1"]
[White "Linea"]
[Black "JASC"]
[Result "1-0"]
[WhiteElo "1653"]
[BlackElo "1500"]

1. d4 g6 2. e4 Bg7 3. Nf3 d6 4. Bf4 Nf6 5. Nc3 Nbd7 6. Bc4 O-O 7. O-O c6 8. Re1
b5 9. Bd3 Re8 10. e5 Ng4 11. exd6 exd6 12. Bxd6 Ndf6 13. Rxe8+ Nxe8 14. Bg3 Bxd4
15. Nxd4 Qxd4 16. Be4 Qf6 17. Qf3 Qxf3 18. Bxf3 Bd7 19. Nxb5 a6 20. Nc7 Nxc7 21.
Bxc7 Re8 22. g3 Ne5 23. Be2 Bf5 24. Rd1 Bxc2 25. Rd8 1-0

[Event "AUTO-OPEN-1315"]
[Site "http://www.queenalice.com/game.php?id=483443"]
[Date "2008.10.26"]
[Round "1"]
[White "FOS2006"]
[Black "JASC"]
[Result "1-0"]
[WhiteElo "1734"]
[BlackElo "1500"]

1. e4 g6 2. Bc4 Bg7 3. Qf3 e6 4. a3 Ne7 5. Ba2 d5 6. exd5 Nxd5 7. c4 Nf6 8. d3
O-O 9. Qd1 c5 10. h3 b6 11. Qf3 1-0

[Event "AUTO-OPEN-1315"]
[Site "http://www.queenalice.com/game.php?id=483444"]
[Date "2008.10.26"]
[Round "1"]
[White "JASC"]
[Black "FOS2006"]
[Result "0-1"]
[WhiteElo "1464"]
[BlackElo "1731"]

1. d4 Nf6 2. Nf3 d6 3. c4 c6 4. Nc3 e5 5. dxe5 dxe5 6. Qxd8+ Kxd8 7. Nxe5 Ke8 8.
e4 Nbd7 9. Nxd7 Nxd7 10. Bd3 Bb4 11. Bd2 f6 12. O-O Ne5 13. Be2 Be6 14. b3 Rd8
15. Be1 Kf7 16. f4 Nd3 17. Bxd3 Rxd3 18. Rf3 Rxf3 19. gxf3 f5 20. a3 Bxc3 21.
Bxc3 Rg8 22. h4 g6 23. Rd1 fxe4 24. fxe4 h5 25. Kf2 Re8 26. Ke3 Re7 27. Rd8 Re8
28. Rxe8 Kxe8 29. Kd4 Kd7 30. Ke5 Ke7 31. f5 gxf5 32. exf5 Bf7 33. Bb4+ Kd7 0-1

[Event "AUTO-OPEN-1315"]
[Site "http://www.queenalice.com/game.php?id=483471"]
[Date "2008.10.26"]
[Round "1"]
[White "showman"]
[Black "JASC"]
[Result "1-0"]
[WhiteElo "1511"]
[BlackElo "1444"]

1. e4 d5 2. e5 c5 3. Bb5+ Bd7 4. Bxd7+ Qxd7 5. d4 cxd4 6. Qxd4 Nc6 7. Qf4 e6 8.
Nf3 Bc5 9. O-O O-O-O 10. Nc3 f6 11. exf6 Nxf6 12. Qg5 Nb4 13. Ne1 d4 14. Ne2 Ne4
15. Qf4 Qd5 16. f3 Nf6 17. a3 d3+ 18. Kh1 1-0

[Event "AUTO-OPEN-1315"]
[Site "http://www.queenalice.com/game.php?id=483472"]
[Date "2008.10.26"]
[Round "1"]
[White "JASC"]
[Black "showman"]
[Result "0-1"]
[WhiteElo "1459"]
[BlackElo "1496"]

1. d4 d5 2. Nf3 Nc6 3. e3 Bg4 4. c4 dxc4 5. Bxc4 e6 6. O-O Nf6 7. Nbd2 Nb4 8.
Qa4+ c6 9. a3 b5 10. Bxb5 Nbd5 11. Bxc6+ Nd7 12. Bxa8 Qxa8 13. Ne5 Nb6 14. Qc6
Qxc6 15. Nxc6 Nc8 16. Nc4 f6 17. f3 Bh5 0-1

[Event "AUTO-OPEN-1315"]
[Site "http://www.queenalice.com/game.php?id=483489"]
[Date "2008.10.26"]
[Round "1"]
[White "yo_soy_lo_mejor"]
[Black "JASC"]
[Result "1-0"]
[WhiteElo "1957"]
[BlackElo "1583"]

1. e4 Nc6 2. Nf3 d6 3. d4 Nf6 4. Nc3 Bg4 5. Be2 Bxf3 6. Bxf3 e5 7. d5 Nd4 8. Be3
c5 9. dxc6 Nxc6 10. O-O Be7 11. Be2 O-O 12. f4 d5 13. exd5 Nb4 14. Bf3 exf4 15.
Bxf4 Bc5+ 16. Kh1 Qd7 17. a3 Na6 18. Bg5 Qd6 19. b4 Bb6 20. Bxf6 Qxf6 21. Ne2
Rfd8 22. c4 Bc7 23. c5 Be5 24. Rc1 Bb2 25. Rb1 Bxa3 26. d6 1-0

[Event "AUTO-OPEN-1315"]
[Site "http://www.queenalice.com/game.php?id=483490"]
[Date "2008.10.26"]
[Round "1"]
[White "JASC"]
[Black "yo_soy_lo_mejor"]
[Result "0-1"]
[WhiteElo "1464"]
[BlackElo "1952"]

1. d4 d5 2. Nf3 Nf6 3. e3 e6 4. Bd3 c5 5. b3 a6 6. Nbd2 b5 7. Ba3 b4 8. Bb2 Qc7
9. O-O Bb7 10. Ne5 Nbd7 11. f4 Be7 12. Rf3 cxd4 13. Bxd4 Nc5 14. Rh3 Rc8 15.
Ndf3 Nxd3 16. cxd3 Qc2 17. Qxc2 Rxc2 18. Ng5 O-O 19. Rf3 h6 20. Nh3 Rfc8 21.
Rff1 Re2 22. Rf2 Rcc2 23. Rxe2 Rxe2 24. Kf1 Rc2 25. Nf2 Bc5 26. Bxc5 Rxc5 27. d4
Rc2 28. g4 a5 0-1

[Event "AUTO-INT-1088"]
[Site "http://www.queenalice.com/game.php?id=486320"]
[Date "2008.11.1"]
[Round "1"]
[White "Poirot"]
[Black "JASC"]
[Result "1-0"]
[WhiteElo "1702"]
[BlackElo "1546"]

1. e4 c5 2. Nf3 Nc6 3. Bc4 e6 4. c3 d5 5. Bd3 c4 6. exd5 Qxd5 7. Be2 e5 8. O-O
Nf6 9. Na3 b5 10. Re1 Bxa3 11. bxa3 Bf5 12. d4 O-O 13. Nh4 exd4 14. Nxf5 Qxf5
15. cxd4 Rfe8 16. a4 a6 17. axb5 axb5 18. Bf3 Rxe1+ 19. Qxe1 Re8 20. Be3 Nxd4
21. Bd1 1-0

[Event "AUTO-INT-1088"]
[Site "http://www.queenalice.com/game.php?id=486321"]
[Date "2008.11.1"]
[Round "1"]
[White "JASC"]
[Black "Poirot"]
[Result "0-1"]
[WhiteElo "1532"]
[BlackElo "1712"]

1. d4 Nf6 2. c4 c5 3. d5 e6 4. Nc3 Bd6 5. e4 Qc7 6. Nf3 O-O 7. Nb5 Qb6 8. e5 a6
9. Nxd6 exd5 10. exf6 Qxd6 11. fxg7 Kxg7 12. Qxd5 Re8+ 13. Be3 Qxd5 14. cxd5 b6
15. Bd3 d6 16. O-O Nd7 17. Rae1 Bb7 18. a3 Bxd5 19. Ng5 h6 20. Nh3 Ne5 21. Nf4
Nxd3 0-1

[Event "AUTO-INT-1088"]
[Site "http://www.queenalice.com/game.php?id=486344"]
[Date "2008.11.1"]
[Round "1"]
[White "JASC"]
[Black "Thris"]
[Result "0-1"]
[WhiteElo "1405"]
[BlackElo "1214"]

1. d4 g6 2. e4 Nf6 3. e5 Nd5 4. Nf3 c5 5. c4 Nc7 6. d5 d6 7. Be3 Bg7 8. Qc2 Bf5
9. Bd3 Bg4 10. Nbd2 Nba6 11. O-O O-O 12. exd6 exd6 13. Rab1 Nb4 14. Qb3 Nxd3 0-1

[Event "AUTO-INT-1088"]
[Site "http://www.queenalice.com/game.php?id=486345"]
[Date "2008.11.1"]
[Round "1"]
[White "Thris"]
[Black "JASC"]
[Result "1-0"]
[WhiteElo "1188"]
[BlackElo "1431"]

1. d4 Nf6 2. c4 g6 3. Nc3 d5 4. Nf3 Bg7 5. g3 c6 6. Bg2 O-O 7. Bg5 h6 8. Bxf6
exf6 9. O-O Re8 10. Qd3 Bf5 11. Qd2 Be4 12. Nxe4 Rxe4 13. Qb4 b6 14. e3 1-0